[Event "CRO-chT U16"]
[Site "Crikvenica"]
[Date "2021.12.18"]
[Round "2.2"]
[White "Loncaric, Domagoj"]
[Black "Ristanic, Petar"]
[Result "1-0"]
[WhiteElo "1647"]
[BlackElo "1641"]
[PlyCount "113"]
[EventDate "2021.12.18"]
[EventType "team-tourn"]
[EventRounds "7"]
[EventCountry "CRO"]
[SourceTitle "CBM 206 Extra"]
[Source "ChessBase"]
[SourceDate "2022.03.31"]
[SourceVersion "1"]
[SourceVersionDate "2022.03.31"]
[SourceQuality "1"]
[WhiteTeam "Rijeka"]
[BlackTeam "Vukovar Slaven"]
[WhiteTeamCountry "CRO"]
[BlackTeamCountry "CRO"]

1. e4 d5 2. exd5 Nf6 3. Nc3 Nxd5 4. Nxd5 Qxd5 5. Nf3 e5 6. c4 Qe6 7. Be2 c5 8. d3 Be7 9. 0-0 0-0 10. b3 Nc6 11. Bb2 Bf6 12. Nd2 Nd4 13. Bxd4 exd4 14. Bf3 Rb8 15. Re1 Qf5 16. Be4 Qg5 17. Bd5 b6 18. Ne4 Qf5 19. Qd2 Be5 20. g3 Bb7 21. Bxb7 Rxb7 22. f4 Bc7 23. Re2 Qd7 24. b4 Bd6 25. bxc5 bxc5 26. Qa5 Qc6 27. Rae1 Qb6 28. Qa4 Qc7 29. Nxd6 Qxd6 30. Re8 Qd7 31. Qxd7 Rxd7 32. R8e7 Rxe7 33. Rxe7 Rb8 34. Rxa7 Rb1+ 35. Kg2 Kf8 36. h3 Rb2+ 37. Kf3 f5 38. g4 Rd2 39. Ra3 g6 40. gxf5 gxf5 41. Kg3 Ke7 42. Kh4 Rc2 43. Kg5 Rc3 44. Rb3 Ke6 45. h4 Rc2 46. Rb6+ Kd7 47. Kxf5 Rxa2 48. h5 Rd2 49. Rb3 Rc2 50. h6 Rh2 51. Rb7+ Kd6 52. Rxh7 Rh3 53. Rg7 Rxd3 54. h7 Rh3 55. Kg6 Rg3+ 56. Kf7 Rh3 57. Kg8 1-0

[Event "Solta op 4th"]
[Site "Grohote"]
[Date "2021.08.15"]
[Round "9"]
[White "Troselj, Ivan"]
[Black "Ristanic, Petar"]
[Result "1-0"]
[WhiteElo "2030"]
[BlackElo "1648"]
[PlyCount "51"]
[EventDate "2021.08.08"]
[EventType "swiss"]
[EventRounds "9"]
[EventCountry "CRO"]
[SourceTitle "CBM 203 Extra"]
[Source "ChessBase"]
[SourceDate "2021.09.30"]
[SourceVersion "1"]
[SourceVersionDate "2021.09.30"]
[SourceQuality "1"]

1. g3 e5 2. e4 Bc5 3. Nc3 Nf6 4. Bg2 0-0 5. Nge2 Re8 6. 0-0 Nc6 7. d3 d6 8. Na4 Bb6 9. Nxb6 axb6 10. f4 Bg4 11. h3 Bxe2 12. Qxe2 Nd4 13. Qf2 c6 14. Be3 c5 15. g4 Qe7 16. c3 Nc6 17. a3 Red8 18. Rae1 b5 19. f5 b4 20. g5 Ne8 21. f6 Qe6 22. axb4 cxb4 23. c4 b3 24. Qg3 g6 25. h4 Rab8 26. Bh3 1-0

[Event "CRO-ch U17"]
[Site "Vinkovci"]
[Date "2017.07.27"]
[Round "6"]
[White "Ristanic, Petar"]
[Black "Mican, Mato"]
[Result "0-1"]
[WhiteElo "1716"]
[BlackElo "1952"]
[PlyCount "88"]
[EventDate "2017.07.24"]
[EventType "swiss"]
[EventRounds "9"]
[EventCountry "CRO"]
[SourceTitle "EXT 2018"]
[Source "ChessBase"]
[SourceDate "2017.10.13"]
[SourceVersion "1"]
[SourceVersionDate "2017.10.13"]
[SourceQuality "1"]

1. e4 e5 2. Nf3 Nc6 3. Bb5 a6 4. Ba4 Nf6 5. d3 b5 6. Bb3 Be7 7. c3 0-0 8. 0-0 d6 9. Nbd2 Na5 10. Bc2 c5 11. Re1 Re8 12. Nf1 Bf8 13. Nh4 Nxe4 14. Rxe4 f5 15. Nxf5 Bxf5 16. Re1 Bg6 17. Ne3 Ra7 18. Ng4 Nc6 19. Bb3+ Kh8 20. Bd5 Ne7 21. Be6 Ng8 22. Bd5 Qc8 23. Bf3 Nf6 24. Nxf6 gxf6 25. Bh5 Qf5 26. Bxg6 hxg6 27. Re3 Rh7 28. Qf3 Qxf3 29. Rxf3 Kg7 30. Bd2 Rb8 31. b3 f5 32. g3 Kf6 33. h4 Bh6 34. Bxh6 Rxh6 35. Re1 Rbh8 36. Kf1 R6h7 37. Ke2 a5 38. c4 b4 39. Kd2 a4 40. Rb1 axb3 41. axb3 Ra8 42. Ke3 Ra2 43. Rh1 Ke6 44. g4 f4+ 0-1

[Event "Osijek op 10th"]
[Site "Osijek"]
[Date "2017.02.26"]
[Round "7"]
[White "Ristanic, Petar"]
[Black "Dragicevic, Ivica"]
[Result "1/2-1/2"]
[WhiteElo "1787"]
[BlackElo "1655"]
[PlyCount "78"]
[EventDate "2017.02.23"]
[EventType "swiss"]
[EventRounds "7"]
[EventCountry "CRO"]
[SourceTitle "EXT 2019"]
[Source "ChessBase"]
[SourceDate "2018.10.10"]
[SourceVersion "1"]
[SourceVersionDate "2018.10.10"]
[SourceQuality "1"]

1. e4 c6 2. d4 d5 3. Nc3 dxe4 4. Nxe4 Bf5 5. Ng3 Bg6 6. Bc4 e6 7. Nf3 Nf6 8. Bf4 Nbd7 9. 0-0 Be7 10. Re1 0-0 11. Qe2 Nd5 12. Bxd5 cxd5 13. Qb5 b6 14. c3 Bf6 15. Ne5 Nxe5 16. dxe5 Be7 17. Rad1 a6 18. Qe2 b5 19. Qe3 Qc7 20. Ne2 Bh5 21. Rc1 Bg6 22. Nd4 Rfc8 23. Qd2 Qd8 24. Be3 Qa5 25. a3 Qd8 26. f4 Bc5 27. b4 Bxd4 28. Bxd4 Be4 29. Bc5 a5 30. Qf2 axb4 31. axb4 Ra3 32. Rcd1 Qe8 33. Qb2 Rca8 34. Ra1 R3a4 35. Bb6 R4a6 36. Bc5 Bd3 37. Rxa6 Rxa6 38. Ra1 Qa8 39. Rxa6 Qxa6 1/2-1/2

[Event "Osijek op 10th"]
[Site "Osijek"]
[Date "2017.02.23"]
[Round "2"]
[White "Kovac, Petar"]
[Black "Ristanic, Petar"]
[Result "1-0"]
[WhiteElo "1409"]
[BlackElo "1787"]
[PlyCount "83"]
[EventDate "2017.02.23"]
[EventType "swiss"]
[EventRounds "7"]
[EventCountry "CRO"]
[SourceTitle "EXT 2019"]
[Source "ChessBase"]
[SourceDate "2018.10.10"]
[SourceVersion "1"]
[SourceVersionDate "2018.10.10"]
[SourceQuality "1"]

1. d4 d5 2. c4 c6 3. Nc3 Nf6 4. Nf3 Bf5 5. a3 a5 6. Bf4 e6 7. e3 Nbd7 8. Be2 Be7 9. 0-0 0-0 10. Rc1 dxc4 11. Bxc4 Nb6 12. Bb3 Nbd5 13. Bxd5 Nxd5 14. Bg3 Bg4 15. Ne4 Qb6 16. Rb1 Bf5 17. Qc2 Bg6 18. Ne5 Bxe4 19. Qxe4 f5 20. Qf3 Rfd8 21. Rfd1 a4 22. Qh5 g6 23. Nxg6 hxg6 24. Qxg6+ Kf8 25. Be5 Bf6 26. Bxf6 Nxf6 27. Qxf6+ Kg8 28. Qxe6+ Kg7 29. Qxf5 Rd5 30. Qg4+ Kf7 31. h4 Rb5 32. Qe2 Raa5 33. Rdc1 Rb3 34. Qc4+ Kg7 35. e4 Rxb2 36. Rxb2 Qxb2 37. Qc3 Qb5 38. d5+ Kh7 39. dxc6 bxc6 40. Qxc6 Qh5 41. Qd7+ Kh6 42. Rc6+ 1-0

[Event "CRO-ch U17"]
[Site "Vinkovci"]
[Date "2016.07.26"]
[Round "2"]
[White "Ristanic, Petar"]
[Black "Tica, Sven"]
[Result "0-1"]
[WhiteElo "1783"]
[BlackElo "2232"]
[PlyCount "64"]
[EventDate "2016.07.25"]
[EventType "swiss"]
[EventRounds "9"]
[EventCountry "CRO"]
[SourceTitle "CBM 173 Extra"]
[Source "ChessBase"]
[SourceDate "2016.08.29"]
[SourceVersion "1"]
[SourceVersionDate "2016.08.29"]
[SourceQuality "1"]

1. e4 c5 2. Nf3 Nc6 3. d4 cxd4 4. Nxd4 g6 5. Be3 Bg7 6. c3 Nf6 7. Nd2 d6 8. Bc4 Ng4 9. 0-0 Nxe3 10. fxe3 0-0 11. Qf3 Ne5 12. Qe2 Bg4 13. N2f3 Qb6 14. Bb3 a5 15. h3 Bd7 16. a4 Nxf3+ 17. Qxf3 Bxd4 18. Bxf7+ Kg7 19. exd4 Be8 20. Rf2 Rxf7 21. Qe2 Rxf2 22. Qxf2 Bf7 23. Kh1 Bc4 24. Qh4 Rf8 25. Qxe7+ Rf7 26. Qg5 Qxb2 27. Rc1 Qxc1+ 28. Qxc1 Rf1+ 29. Qxf1 Bxf1 30. Kg1 Bd3 31. e5 dxe5 32. dxe5 Bc2 0-1